En este lugar sagrado
Gorde:
| Egile nagusia: | |
|---|---|
| Formatua: | Liburua |
| Hizkuntza: | Undetermined |
| Argitaratua: |
La Habana, Cuba
Casa de las Américas
1983
|
| Gaiak: | |
| Etiketak: |
Etiketa erantsi
Etiketarik gabe, Izan zaitez lehena erregistro honi etiketa jartzen!
|
MARC
| LEADER | 00000nam a2200000Ia 4500 | ||
|---|---|---|---|
| 008 | 170316s9999 xx 000 0 und d | ||
| 040 | |a cru BVZT | ||
| 090 | |a 860 D-5e | ||
| 100 | |a Délano, Poli | ||
| 245 | |a En este lugar sagrado | ||
| 260 | |a La Habana, Cuba | ||
| 260 | |b Casa de las Américas | ||
| 260 | |c 1983 | ||
| 300 | |a 255 páginas | ||
| 650 | |a LITERATURA LATINOAMERICANA | ||
| 999 | |c 8632 |d 8632 | ||
| 942 | |c 15 D |h 860 D-5e |2 z | ||
